Viajes por el interior de la América Meridional

সংরক্ষণ করুন:
গ্রন্থ-পঞ্জীর বিবরন
প্রধান লেখক: Mellet, Julian (autor)
বিন্যাস: গ্রন্থ
ভাষা:স্প্যানিশ
প্রকাশিত: Santiago Edit. Del Pacífico 1959
মালা:Viajeros de Antaño
বিষয়গুলি:
ট্যাগগুলো: ট্যাগ যুক্ত করুন
কোনো ট্যাগ নেই, প্রথমজন হিসাবে ট্যাগ করুন!

MARC

LEADER 00000cam a2200000 a 4500
001 UCV9032
003 CL-VaPUC
008 920423e19590000CL |||||||||||||||||spa|d
082 0 4 |a 918.04  |b MEL  |2 21 
100 |a Mellet, Julian  |e autor  |9 505494 
245 1 0 |a Viajes por el interior de la América Meridional 
300 |a 289 p 
942 |c BK 
945 |d 19920423 00:00:00 
260 |a Santiago  |b Edit. Del Pacífico  |c 1959 
650 0 |a Descripciones y viajes  |9 262159 
651 0 |a América del Sur  |9 260128 
583 |a last modification  |c 20141107 01:41:25  |k Rodrigo Vera 
490 0 |a Viajeros de Antaño 
999 |c 214430  |d 214428 
952 |0 0  |1 0  |4 0  |6 918_040000000000000_MEL_1959  |7 0  |8 A  |9 197773  |a BIBARQ  |b BIBARQ  |d 2019-11-14  |i 2654334  |o 918.04 MEL 1959  |p 2654334  |r 2025-01-20  |w 2019-11-14  |y BK  |k ARQ 
952 |0 0  |1 0  |4 0  |6 918_040000000000000_MEL_1959  |7 0  |8 A  |9 197774  |a BIBHIS  |b BIBHIS  |d 2019-11-14  |i 1367145  |o 918.04 MEL 1959  |p 1367145  |r 2025-01-20  |w 2019-11-14  |y BK  |k HIS 
952 |0 0  |1 0  |4 0  |6 918_040000000000000_MEL_1959  |7 0  |8 A  |9 197775  |a BIBHIS  |b BIBHIS  |d 2019-11-14  |i 1367153  |o 918.04 MEL 1959  |p 1367153  |r 2025-01-20  |w 2019-11-14  |y BK  |k HIS 
952 |0 0  |1 0  |3 erb  |4 0  |6 918_040000000000000_MEL_1959  |7 0  |8 X  |9 197776  |a FDOBUD  |b FDOBUD  |i 5106362  |o 918.04 MEL 1959  |p 5106362  |r 2019-11-14  |w 2019-11-14  |y BK_X  |z Catalogado en:20141107  |k BUD 
952 |0 0  |1 0  |3 erb  |4 0  |6 918_040000000000000_MEL_1959  |7 0  |8 X  |9 197777  |a FDOBUD  |b FDOBUD  |i 510632K  |o 918.04 MEL 1959  |p 510632K  |r 2019-11-14  |w 2019-11-14  |y BK_X  |z Catalogado en:20141107  |k BUD